[Event "Festival INGEM - PLZEŇ 2013"]
[Site "Plzeň (Česká republika)"]
[Date "2013.08.20"]
[Round "5.9"]
[White "Kalista, Karel"]
[Black "Janska, Jitka"]
[Result "1/2-1/2"]
[WhiteElo "1880"]
[BlackElo "1939"]
[PlyCount "110"]
[EventDate "2013.08.17"]
[Source "ChessBase"]
[SourceDate "1996.11.15"]

1. d4 d5 2. c4 e6 3. Nc3 Nf6 4. Bg5 Be7 5. e3 O-O 6. Nf3 h6 7. Bh4 b6 8. cxd5
Nxd5 9. Bg3 Bb7 10. Bd3 c5 11. O-O Nd7 12. Rc1 Re8 13. Bb1 N7f6 14. h3 Rc8 15.
Re1 c4 16. e4 Nxc3 17. bxc3 Ba3 18. e5 Nd5 19. Rc2 Bc6 20. Qe2 Ba4 21. Bh4 Qd7
22. Qe4 Bxc2 23. Bxc2 g6 24. Qg4 Kg7 25. Nd2 Rg8 26. Ne4 Kf8 27. Nf6 Nxf6 28.
Bxf6 Be7 29. Qf4 Ke8 30. Qxh6 Kd8 31. Qh7 Bxf6 32. exf6 Kc7 33. Qh4 Qd6 34. Be4
Rh8 35. Qg4 Rce8 36. Bf3 b5 37. Qe4 Rb8 38. Rd1 Rhe8 39. a4 a6 40. axb5 axb5
41. Ra1 Kb6 42. Qe2 Kc7 43. Ra7+ Kd8 44. Rxf7 b4 45. cxb4 Qxb4 46. Qc2 Qb1+ 47.
Qxb1 Rxb1+ 48. Kh2 c3 49. Be4 Rb2 50. Ra7 c2 51. f7 c1=Q 52. Ra8+ Kc7 53. Ra7+
Kd8 54. Ra8+ Kc7 55. Ra7+ Kd8 1/2-1/2

[Event "Festival INGEM - PLZEŇ 2013"]
[Site "Plzeň (Česká republika)"]
[Date "2013.08.20"]
[Round "5.10"]
[White "Klement, Lukas"]
[Black "Hladik, Pavel"]
[Result "1-0"]
[WhiteElo "2241"]
[BlackElo "1890"]
[PlyCount "103"]
[EventDate "2013.08.17"]
[Source "ChessBase"]
[SourceDate "1996.11.15"]

1. e4 d6 2. d4 g6 3. f4 Bg7 4. Nf3 Nf6 5. Bd3 O-O 6. O-O Na6 7. c3 c5 8. e5 Ne8
9. Be3 Nec7 10. Bf2 Nd5 11. Bxa6 bxa6 12. dxc5 dxe5 13. fxe5 Nf4 14. Qxd8 Rxd8
15. Bd4 Rb8 16. b3 Rd5 17. Nbd2 Bb7 18. Be3 Nd3 19. Nc4 Nxc5 20. Rad1 Nd3 21.
Bxa7 Rbd8 22. Bb6 Re8 23. Bd4 Nf4 24. Rfe1 Ne6 25. Bb6 g5 26. Nd4 Nxd4 27. Bxd4
h5 28. Ne3 Rd7 29. Nf5 e6 30. Nd6 Rb8 31. c4 Ba8 32. c5 Bd5 33. Bf2 Rc7 34. Rc1
Bf8 35. Rc3 Be7 36. Rg3 Kg7 37. Be3 g4 38. Bf2 Bh4 39. Rc3 Be7 40. h3 Kg6 41.
hxg4 hxg4 42. Rg3 Rb4 43. Rf1 Bh4 44. Rc3 Bd8 45. Be1 Rd4 46. Rc2 Bg5 47. Kh2
f5 48. exf6 Rh7+ 49. Kg1 Be3+ 50. Bf2 g3 51. f7 Rf4 52. Bxe3 1-0

[Event "Festival INGEM - PLZEŇ 2013"]
[Site "Plzeň (Česká republika)"]
[Date "2013.08.20"]
[Round "5.11"]
[White "Roew, Rolf"]
[Black "Fiala, Jaroslav"]
[Result "0-1"]
[WhiteElo "1819"]
[BlackElo "2193"]
[PlyCount "90"]
[EventDate "2013.08.17"]
[Source "ChessBase"]
[SourceDate "1996.11.15"]

1. e4 c5 2. c3 g6 3. d4 cxd4 4. cxd4 d5 5. exd5 Nf6 6. Nc3 Bg7 7. Bb5+ Nbd7 8.
d6 exd6 9. Qe2+ Qe7 10. Qxe7+ Kxe7 11. Be3 Nb6 12. Nge2 Bf5 13. Ng3 Bd7 14.
Bxd7 Kxd7 15. O-O Rhe8 16. Rfe1 Nfd5 17. Rac1 f5 18. Nxd5 Nxd5 19. Nf1 f4 20.
Bd2 Rxe1 21. Bxe1 Re8 22. Rd1 Rc8 23. Rd3 Rc2 24. Rb3 b6 25. Bc3 Nxc3 26. bxc3
Rxa2 27. g3 fxg3 28. hxg3 Bh6 29. Kg2 Kc6 30. Kf3 a5 31. Ne3 Bxe3 32. Kxe3 d5
33. f3 b5 34. Rb1 a4 35. Rh1 h5 36. g4 hxg4 37. Rh6 gxf3 38. Rxg6+ Kb7 39. Rg7+
Kb6 40. Rg6+ Ka5 41. Kxf3 Ra3 42. Rc6 b4 43. Rc5+ Kb6 44. Rxd5 Rxc3+ 45. Ke4 a3
0-1

[Event "Festival INGEM - PLZEŇ 2013"]
[Site "Plzeň (Česká republika)"]
[Date "2013.08.20"]
[Round "5.12"]
[White "Kopriva, Petr"]
[Black "Halla, Jiri"]
[Result "1/2-1/2"]
[WhiteElo "2061"]
[BlackElo "1816"]
[PlyCount "66"]
[EventDate "2013.08.17"]
[Source "ChessBase"]
[SourceDate "1996.11.15"]

1. c4 Nf6 2. Nf3 g6 3. Nc3 Bg7 4. g3 O-O 5. Bg2 d6 6. d4 c6 7. O-O Nbd7 8. e4
e5 9. Qc2 Re8 10. Rd1 Qe7 11. b3 b6 12. Bb2 Bb7 13. dxe5 dxe5 14. a4 Rad8 15.
Ba3 Nc5 16. Ne1 Qc7 17. Bxc5 bxc5 18. Rd3 Rxd3 19. Nxd3 Bf8 20. Rd1 Rd8 21. Nb2
Rxd1+ 22. Ncxd1 Nh5 23. Qc3 f6 24. Bh3 Ng7 25. Ne3 Qd8 26. Qd3 Qd4 27. Qc2 Ne8
28. Nbd1 Nc7 29. Nc3 Na6 30. Ne2 Qd8 31. Qd1 Qxd1+ 32. Nxd1 Kf7 33. Nb2 Nb4
1/2-1/2

[Event "Festival INGEM - PLZEŇ 2013"]
[Site "Plzeň (Česká republika)"]
[Date "2013.08.20"]
[Round "5.13"]
[White "Goldobin, Tomas"]
[Black "Stanek, Vaclav"]
[Result "1-0"]
[WhiteElo "2019"]
[BlackElo "1645"]
[PlyCount "105"]
[EventDate "2013.08.17"]
[Source "ChessBase"]
[SourceDate "1996.11.15"]

1. e4 d6 2. d4 Nf6 3. Nc3 g6 4. Nf3 Bg7 5. Bc4 Bg4 6. h3 Bxf3 7. Qxf3 Nc6 8.
Be3 a6 9. O-O O-O 10. Rad1 Nd7 11. Ne2 e5 12. d5 Ne7 13. Ng3 f5 14. Bg5 fxe4
15. Qxe4 Nf6 16. Qh4 Kh8 17. f4 Nfg8 18. f5 Bf6 19. Bxf6+ Nxf6 20. fxg6 Nxg6
21. Qh6 Ng8 22. Rxf8 Qxf8 23. Qg5 Qf4 24. Qxf4 Nxf4 25. Ne2 Rf8 26. Rf1 Nxe2+
27. Bxe2 Rxf1+ 28. Bxf1 a5 29. c4 Kg7 30. Bd3 h6 31. Kf2 Nf6 32. a3 Nd7 33. b4
axb4 34. axb4 b6 35. Kg3 Nf6 36. Kh4 Kf7 37. g4 b5 38. g5 hxg5+ 39. Kxg5 bxc4
40. Bxc4 Kg7 41. Kf5 Kf7 42. b5 e4 43. Be2 e3 44. h4 Nxd5 45. Ke4 Nc3+ 46. Kxe3
Nxe2 47. Kxe2 Kg6 48. Ke3 Kh5 49. Kd4 Kxh4 50. Kd5 Kg5 51. Kc6 Kf6 52. Kxc7 d5
53. b6 1-0

[Event "Festival INGEM - PLZEŇ 2013"]
[Site "Plzeň (Česká republika)"]
[Date "2013.08.20"]
[Round "5.15"]
[White "Berka, Lubos"]
[Black "Janecek, Pavel"]
[Result "0-1"]
[WhiteElo "1800"]
[BlackElo "1892"]
[PlyCount "58"]
[EventDate "2013.08.17"]
[Source "ChessBase"]
[SourceDate "1996.11.15"]

1. e4 e5 2. Nc3 Nf6 3. Bc4 Bc5 4. d3 d6 5. h3 Nc6 6. Nge2 O-O 7. O-O Na5 8. Kh1
Nxc4 9. dxc4 Be6 10. b3 Nd7 11. Ng3 Bd4 12. Nge2 Bxc3 13. Nxc3 f5 14. exf5 Rxf5
15. g3 Nb6 16. h4 h6 17. Nd5 Qd7 18. Nxb6 axb6 19. Qe2 Raf8 20. Kh2 Rf3 21. Be3
Qf7 22. Qd2 Qf5 23. Rae1 Rf7 24. Rh1 Bd7 25. Kg1 Bc6 26. Rh2 Rf6 27. a4 Rg6 28.
Qe2 Rgxg3+ 29. Kf1 Rxe3 0-1

[Event "Festival INGEM - PLZEŇ 2013"]
[Site "Plzeň (Česká republika)"]
[Date "2013.08.20"]
[Round "5.16"]
[White "Bartosek, Ivan"]
[Black "Eretova, Jana"]
[Result "0-1"]
[WhiteElo "1855"]
[BlackElo "2093"]
[PlyCount "38"]
[EventDate "2013.08.17"]
[Source "ChessBase"]
[SourceDate "1996.11.15"]

1. e4 g6 2. f4 Bg7 3. d4 c5 4. Nf3 d6 5. d5 Nf6 6. Nc3 O-O 7. Bc4 Nbd7 8. O-O
a6 9. e5 dxe5 10. fxe5 Ng4 11. e6 fxe6 12. dxe6 Nb6 13. Qe2 Qc7 14. g3 Ne5 15.
Bf4 Nbxc4 16. Nxe5 Nxe5 17. Nd5 Qd6 18. Rad1 Bxe6 19. Nc3 Bg4 0-1

[Event "Festival INGEM - PLZEŇ 2013"]
[Site "Plzeň (Česká republika)"]
[Date "2013.08.20"]
[Round "5.17"]
[White "Pokomandy, Mikulas"]
[Black "Sura, Jaroslav"]
[Result "0-1"]
[WhiteElo "1828"]
[BlackElo "2050"]
[PlyCount "96"]
[EventDate "2013.08.17"]
[Source "ChessBase"]
[SourceDate "1996.11.15"]

1. Nf3 c5 2. c4 Nc6 3. g3 e5 4. Nc3 g6 5. Bg2 Bg7 6. d3 d6 7. O-O f5 8. e4 Nf6
9. Re1 O-O 10. Nd5 Nxd5 11. cxd5 Nd4 12. h3 Nxf3+ 13. Qxf3 fxe4 14. Qxe4 Bf5
15. Qe3 Qa5 16. Rd1 Qb5 17. Bf1 Rf7 18. b3 Qd7 19. h4 Bg4 20. Re1 e4 21. Rb1
Bd4 22. Qxe4 Bxf2+ 23. Kh2 Bxe1 24. Qxe1 Raf8 25. Bf4 Rxf4 26. gxf4 Rxf4 27.
Bg2 Qf7 28. Qg3 Qf6 29. Rf1 Rxf1 30. Bxf1 Qe5 31. Bg2 Qxg3+ 32. Kxg3 Bf5 33.
Bf1 Kf7 34. Kf4 Kf6 35. Ke3 Ke5 36. Bg2 Bd7 37. a3 Be8 38. b4 cxb4 39. d4+ Kf6
40. axb4 g5 41. Kf3 gxh4 42. Kg4 b6 43. Bf3 a5 44. bxa5 bxa5 45. Be4 Bg6 46.
Bf3 a4 47. Bd1 Bh5+ 48. Kxh5 a3 0-1

[Event "Festival INGEM - PLZEŇ 2013"]
[Site "Plzeň (Česká republika)"]
[Date "2013.08.20"]
[Round "5.18"]
[White "Ruzicka, Tomas"]
[Black "Mares, Vaclav"]
[Result "0-1"]
[WhiteElo "1782"]
[BlackElo "2010"]
[PlyCount "32"]
[EventDate "2013.08.17"]
[Source "ChessBase"]
[SourceDate "1996.11.15"]

1. e4 e5 2. f4 d5 3. exd5 exf4 4. Nf3 Bd6 5. Bb5+ c6 6. dxc6 Nxc6 7. Bxc6+ bxc6
8. O-O Ne7 9. Nc3 O-O 10. d3 Ng6 11. Ne4 Bb8 12. b3 Bg4 13. Qe1 Bxf3 14. Rxf3
Qd4+ 15. Be3 fxe3 16. Rxe3 Bf4 0-1

[Event "Festival INGEM - PLZEŇ 2013"]
[Site "Plzeň (Česká republika)"]
[Date "2013.08.20"]
[Round "5.19"]
[White "Palkova, Hana"]
[Black "Kopriva, Martin"]
[Result "1/2-1/2"]
[WhiteElo "1992"]
[BlackElo "1816"]
[PlyCount "30"]
[EventDate "2013.08.17"]
[Source "ChessBase"]
[SourceDate "1996.11.15"]

1. d4 d5 2. c4 e6 3. Nc3 Nf6 4. Bg5 Be7 5. e3 O-O 6. Nf3 Nbd7 7. a3 c6 8. Qc2
h6 9. Bf4 a6 10. h3 Re8 11. Rc1 Qa5 12. Be2 Ne4 13. O-O Ndf6 14. Nxe4 Nxe4 15.
Bd3 Nf6 1/2-1/2

[Event "Festival INGEM - PLZEŇ 2013"]
[Site "Plzeň (Česká republika)"]
[Date "2013.08.20"]
[Round "5.20"]
[White "Stengl, Jaroslav"]
[Black "Kocandova, Martina"]
[Result "1-0"]
[WhiteElo "1990"]
[BlackElo "1743"]
[PlyCount "73"]
[EventDate "2013.08.17"]
[Source "ChessBase"]
[SourceDate "1996.11.15"]

1. c4 e6 2. Nf3 d5 3. d4 Nf6 4. Nc3 Be7 5. Bf4 Bd6 6. Bxd6 Qxd6 7. e3 O-O 8. c5
Qe7 9. b4 c6 10. Bd3 Nfd7 11. Qc2 f5 12. O-O g6 13. a4 b6 14. cxb6 axb6 15.
Rfb1 e5 16. dxe5 Nxe5 17. Nxe5 Qxe5 18. Ne2 Bd7 19. Nd4 Rc8 20. Nf3 Qf6 21. Qb3
Be6 22. Rc1 Ra7 23. Nd4 Bf7 24. a5 Nd7 25. axb6 Rxa1 26. Rxa1 Nxb6 27. Ra6 Rb8
28. Qc3 Be8 29. Qc5 Nc4 30. Bxc4 dxc4 31. Qxc4+ Kh8 32. g3 Qe7 33. Nxc6 Bxc6
34. Qxc6 Qxb4 35. Ra7 Qb1+ 36. Kg2 Qb2 37. Qc7 1-0

[Event "Festival INGEM - PLZEŇ 2013"]
[Site "Plzeň (Česká republika)"]
[Date "2013.08.20"]
[Round "5.21"]
[White "Stancik, Jakub"]
[Black "Simet, Martin"]
[Result "0-1"]
[WhiteElo "1895"]
[BlackElo "1708"]
[PlyCount "76"]
[EventDate "2013.08.17"]
[Source "ChessBase"]
[SourceDate "1996.11.15"]

1. d4 d5 2. Nf3 Nf6 3. c4 e6 4. cxd5 exd5 5. Nc3 c6 6. Bg5 Be7 7. e3 h6 8. Bxf6
Bxf6 9. Qc2 Nd7 10. Bd3 Nb6 11. O-O Be6 12. Rab1 Qd6 13. Rfc1 Bg4 14. Nd2 Bd8
15. b4 a6 16. a4 Rc8 17. Qb3 Bc7 18. Nf1 Bd7 19. b5 axb5 20. axb5 h5 21. Na4
Nxa4 22. Qxa4 h4 23. Rb3 h3 24. g3 g5 25. Rbc3 Ke7 26. Qc2 Qf6 27. Qe2 g4 28.
e4 dxe4 29. Bxe4 Kd8 30. bxc6 bxc6 31. Bxc6 Ba5 32. Ra3 Rxc6 33. Rxc6 Qxc6 34.
d5 Qxd5 35. Ne3 Qc5 36. Qb2 Rh5 37. Rd3 Re5 38. Qb8+ Ke7 0-1

[Event "Festival INGEM - PLZEŇ 2013"]
[Site "Plzeň (Česká republika)"]
[Date "2013.08.20"]
[Round "5.24"]
[White "Novy, Daniel"]
[Black "Holy, Filip"]
[Result "1/2-1/2"]
[WhiteElo "2021"]
[BlackElo "1660"]
[PlyCount "21"]
[EventDate "2013.08.17"]
[Source "ChessBase"]
[SourceDate "1996.11.15"]

1. e4 c5 2. Nf3 Nc6 3. d4 cxd4 4. Nxd4 e6 5. Be3 Nf6 6. Bd3 d5 7. Nd2 Bd6 8.
Nb5 Be7 9. O-O O-O 10. exd5 Nxd5 11. Qe2 1/2-1/2

[Event "Festival INGEM - PLZEŇ 2013"]
[Site "Plzeň (Česká republika)"]
[Date "2013.08.20"]
[Round "5.25"]
[White "Zach, Tomas"]
[Black "Sladek, Jaroslav"]
[Result "1/2-1/2"]
[WhiteElo "1644"]
[BlackElo "2034"]
[PlyCount "120"]
[EventDate "2013.08.17"]
[Source "ChessBase"]
[SourceDate "1996.11.15"]

1. d4 d5 2. c4 e6 3. e3 Nf6 4. Nc3 c6 5. Bd3 Nbd7 6. Nf3 Bd6 7. cxd5 exd5 8.
O-O O-O 9. e4 dxe4 10. Nxe4 Nxe4 11. Bxe4 Nf6 12. Qc2 Nxe4 13. Qxe4 Re8 14. Qd3
h6 15. Be3 Bg4 16. Nd2 Qh4 17. g3 Qh5 18. f3 Bf5 19. Qe2 Qg6 20. Qf2 Re7 21.
Rfe1 Rae8 22. Nc4 Bc7 23. Bd2 b5 24. Rxe7 Rxe7 25. Ne3 Bc8 26. Bb4 Re8 27. Re1
Bb6 28. Bc5 Qd3 29. b4 Qc3 30. Nc2 Rd8 31. Re3 Qb2 32. Qe2 Be6 33. Ne1 Qxa2 34.
Qxa2 Bxa2 35. Ra3 Bxc5 36. dxc5 Bc4 37. Rxa7 Rd1 38. Kf2 Rd2+ 39. Kg1 Rb2 40.
Rc7 Re2 41. Rc8+ Kh7 42. Ng2 Rb2 43. Ne3 Rxb4 44. Rxc6 Rb1+ 45. Kf2 Rb2+ 46.
Kg1 Re2 47. Nf5 b4 48. Rb6 b3 49. Nd4 Re3 50. c6 Rc3 51. Kf2 Bd5 52. Ke1 Bxc6
53. Kd2 Rc5 54. Rxc6 Ra5 55. Nxb3 Ra2+ 56. Rc2 Ra3 57. Kc3 Kg6 58. Kb4 Ra7 59.
Rc5 Ra2 60. h4 h5 1/2-1/2

[Event "Festival INGEM - PLZEŇ 2013"]
[Site "Plzeň (Česká republika)"]
[Date "2013.08.20"]
[Round "5.26"]
[White "Sroubova, Lenka"]
[Black "Smrckova, Svetlana"]
[Result "1-0"]
[WhiteElo "1802"]
[BlackElo "1607"]
[PlyCount "139"]
[EventDate "2013.08.17"]
[Source "ChessBase"]
[SourceDate "1996.11.15"]

1. Nf3 c5 2. g3 Nc6 3. Bg2 Qc7 4. O-O b6 5. c4 Bb7 6. Nc3 e6 7. d3 a6 8. Bf4 d6
9. Qa4 Nge7 10. a3 Ng6 11. Bd2 Be7 12. b4 O-O 13. Qb3 Bf6 14. Rab1 Nce7 15.
bxc5 Bxc3 16. Bxc3 b5 17. cxd6 Qxd6 18. cxb5 axb5 19. Qxb5 Bxf3 20. Bxf3 Rab8
21. Qa4 Rfc8 22. Bb4 Qd4 23. Qd1 Nd5 24. Qd2 Ne5 25. Bxd5 Qxd5 26. Rfc1 Ng4 27.
Qf4 Qh5 28. h4 Nf6 29. Rxc8+ Rxc8 30. Rc1 Re8 31. Rc2 Nd5 32. Qe4 Qh6 33. Bd2
Qf6 34. Kg2 Qa1 35. a4 Ra8 36. Qc4 h6 37. Ra2 Qe5 38. Qe4 Qb8 39. d4 Qb3 40.
Qc2 Qb7 41. Kh2 Qd7 42. a5 Qb5 43. e4 Nf6 44. Kg2 Qb7 45. f3 Qb5 46. Kf2 Ne8
47. Rb2 Qd7 48. Qc5 Rc8 49. Qb4 Nc7 50. Ke3 Na6 51. Qb7 Qxb7 52. Rxb7 Ra8 53.
Kd3 Nb8 54. d5 exd5 55. exd5 Na6 56. Kc4 Rd8 57. Rb6 Nc7 58. d6 Ne8 59. Bb4 Nf6
60. a6 Rc8+ 61. Kb5 Nd7 62. Rb7 Rd8 63. Ba5 Rb8 64. Rxb8+ Nxb8 65. a7 Nd7 66.
a8=Q+ Kh7 67. Qe4+ g6 68. Qe7 Ne5 69. Qxe5 h5 70. Bc3 1-0

[Event "Festival INGEM - PLZEŇ 2013"]
[Site "Plzeň (Česká republika)"]
[Date "2013.08.20"]
[Round "5.27"]
[White "Truksa, Vaclav"]
[Black "Heidebreck, Rainer"]
[Result "1-0"]
[WhiteElo "1637"]
[BlackElo "1761"]
[PlyCount "61"]
[EventDate "2013.08.17"]
[Source "ChessBase"]
[SourceDate "1996.11.15"]

1. e4 g6 2. d4 Bg7 3. Nf3 c5 4. Nc3 cxd4 5. Nxd4 Nc6 6. Be3 Nf6 7. Bc4 O-O 8.
h3 d6 9. O-O e6 10. Ndb5 Nxe4 11. Nxe4 d5 12. Bc5 dxe4 13. Bxf8 Qxf8 14. c3 Qc5
15. Nc7 Rb8 16. Bb5 Qb6 17. Bxc6 Qxc7 18. Bxe4 Bd7 19. Qf3 Qb6 20. Rad1 Bb5 21.
c4 Bxc4 22. Rd7 f5 23. Rc1 Qb5 24. Rxb7 Rxb7 25. Bxb7 Be2 26. Qe3 Bc4 27. b3
Bd5 28. Bxd5 Qxd5 29. Qxa7 h6 30. Rc8+ Kh7 31. Qf7 1-0

[Event "Festival INGEM - PLZEŇ 2013"]
[Site "Plzeň (Česká republika)"]
[Date "2013.08.20"]
[Round "5.28"]
[White "Furbacher, Milan"]
[Black "Gabrys, Lukas"]
[Result "0-1"]
[WhiteElo "1599"]
[BlackElo "1759"]
[PlyCount "140"]
[EventDate "2013.08.17"]
[Source "ChessBase"]
[SourceDate "1996.11.15"]

1. e4 e6 2. d4 d5 3. Nc3 Nf6 4. e5 Nfd7 5. f4 c5 6. Be3 Nc6 7. Nf3 Be7 8. Qd2
O-O 9. Be2 a6 10. dxc5 Nxc5 11. O-O b5 12. a3 Bb7 13. Nd4 Qc7 14. Nxc6 Qxc6 15.
Bd4 Rac8 16. Bf3 Nd7 17. Rae1 Nb6 18. Be2 Nc4 19. Bxc4 dxc4 20. Ne4 Rfd8 21. c3
a5 22. Rf3 Qd5 23. Rh3 b4 24. axb4 axb4 25. Qd1 Bc5 26. Qg4 Bxd4+ 27. Kh1 Bxe5
28. fxe5 Qxe5 29. Rxh7 Bxe4 30. Rxe4 Rd1+ 31. Qxd1 Qxe4 32. Rh3 b3 33. Rf3 Qc2
34. Rf1 Qxd1 35. Rxd1 Ra8 36. Kg1 Ra2 37. Rd2 Kf8 38. Kf2 Ke7 39. Ke3 e5 40.
Ke4 Ke6 41. g4 f6 42. h4 g6 43. h5 gxh5 44. gxh5 f5+ 45. Ke3 Kf6 46. h6 Kg6 47.
Rh2 Kh7 48. Kf3 Ra6 49. Rh5 Rf6 50. Ke3 Rf8 51. Rh4 f4+ 52. Ke4 f3 53. Rh1 f2
54. Rf1 Kxh6 55. Kxe5 Kg5 56. Kd4 Kg4 57. Kxc4 Kg3 58. Kxb3 Kg2 59. Rxf2+ Kxf2
60. Kc4 Ke3 61. b4 Ke4 62. Kc5 Ke5 63. Kc6 Ke6 64. b5 Rc8+ 65. Kb7 Kd7 66. b6
Rxc3 67. Ka8 Ra3+ 68. Kb8 Kc6 69. b7 Rb3 70. Ka8 Kc7 0-1

[Event "Festival INGEM - PLZEŇ 2013"]
[Site "Plzeň (Česká republika)"]
[Date "2013.08.20"]
[Round "5.29"]
[White "Kovarik, Matyas"]
[Black "Hrdlicka, Vaclav"]
[Result "1/2-1/2"]
[WhiteElo "1562"]
[BlackElo "1725"]
[PlyCount "145"]
[EventDate "2013.08.17"]
[Source "ChessBase"]
[SourceDate "1996.11.15"]

1. e4 c5 2. Nf3 d6 3. d4 cxd4 4. Nxd4 Nf6 5. Nc3 a6 6. Bg5 Nbd7 7. f4 Qc7 8.
Qd2 e6 9. O-O-O Be7 10. g4 b5 11. Bxf6 Nxf6 12. g5 b4 13. Nce2 Nxe4 14. Qe3 d5
15. Bg2 Bb7 16. Bxe4 dxe4 17. Ng3 e5 18. Nde2 Rc8 19. Qb3 exf4 20. Nf5 O-O 21.
Rhg1 Bc5 22. g6 Be3+ 23. Kb1 Bxg1 24. Rxg1 Qc4 25. gxh7+ Kh8 26. Qxc4 Rxc4 27.
Nxf4 e3 28. Rf1 Kxh7 29. Nxe3 Re4 30. Nf5 Rfe8 31. Nd3 Re2 32. Nd6 R8e7 33. h3
Rh2 34. b3 Rxh3 35. Nxf7 Rh1 36. Rxh1+ Bxh1 37. Nd6 Rd7 38. Nc4 Rb7 39. Nc5 Ra7
40. Na5 g5 41. Nd3 g4 42. Nf2 g3 43. Nh3 g2 44. Kb2 Re7 45. a3 bxa3+ 46. Kxa3
Re1 47. Kb4 g1=Q 48. Nxg1 Rxg1 49. Kc5 Rg5+ 50. Kb6 Rg6+ 51. Kc7 Rg5 52. Kb6
Rg6+ 53. Kc7 Kg7 54. c4 Kf7 55. b4 Ke7 56. b5 axb5 57. cxb5 Rg5 58. Kb6 Kd7 59.
Ka7 Kc7 60. Nc4 Bd5 61. b6+ Kc8 62. Nd6+ Kd7 63. Nb5 Bc6 64. Nd4 Rg8 65. b7
Bxb7 66. Kxb7 Rc8 67. Kb6 Kd6 68. Nf5+ Ke6 69. Nd4+ Kd5 70. Nf3 Rc3 71. Ng5 Rc2
72. Nf3 Kd6 73. Kb5 1/2-1/2

[Event "Festival INGEM - PLZEŇ 2013"]
[Site "Plzeň (Česká republika)"]
[Date "2013.08.21"]
[Round "6.1"]
[White "Kireev, Aleksei"]
[Black "Neuman, Petr"]
[Result "0-1"]
[WhiteElo "2337"]
[BlackElo "2516"]
[PlyCount "84"]
[EventDate "2013.08.17"]
[Source "ChessBase"]
[SourceDate "1996.11.15"]

1. Nf3 c5 2. c3 Nc6 3. d4 d5 4. Bf4 e6 5. e3 Nf6 6. Nbd2 Nh5 7. Bg5 Qb6 8. Qb3
h6 9. Bh4 g5 10. Bg3 Nxg3 11. hxg3 Bg7 12. Be2 g4 13. Nh2 h5 14. Qb5 Bd7 15.
Qxc5 Qxb2 16. Rb1 b6 17. Rxb2 bxc5 18. O-O c4 19. Rfb1 f5 20. Bd1 Bf8 21. Ba4
Bd6 22. Nhf1 Bc7 23. Rc1 Kd8 24. Nb1 Bd6 25. f4 Kc7 26. Rd1 Nb8 27. Bc2 Bc6 28.
Rd2 Nd7 29. Kf2 Rhb8 30. Bd1 Nf6 31. Ke1 Ne4 32. Re2 Be7 33. Rec2 h4 34. gxh4
Bxh4+ 35. g3 Nxg3 36. Nxg3 Bxg3+ 37. Ke2 Rh8 38. Kd2 Rh1 39. Na3 a6 40. Kc1 Ba4
41. Rd2 Bf2 42. Nc2 g3 0-1

[Event "Festival INGEM - PLZEŇ 2013"]
[Site "Plzeň (Česká republika)"]
[Date "2013.08.21"]
[Round "6.2"]
[White "Vlasak, Lukas"]
[Black "Chudinovskikh, Alexander M"]
[Result "1/2-1/2"]
[WhiteElo "2339"]
[BlackElo "2320"]
[PlyCount "116"]
[EventDate "2013.08.17"]
[Source "ChessBase"]
[SourceDate "1996.11.15"]

1. e4 e5 2. Nf3 Nc6 3. Bb5 a6 4. Ba4 Nf6 5. O-O Be7 6. Re1 b5 7. Bb3 O-O 8. h3
d6 9. c3 Re8 10. d4 Bb7 11. Nbd2 Bf8 12. a3 g6 13. Ba2 Bg7 14. b4 h6 15. d5 Ne7
16. c4 c6 17. Nb3 bxc4 18. Na5 cxd5 19. Nxb7 Qc7 20. Na5 dxe4 21. Nxc4 exf3 22.
Qxd6 Qc6 23. Bb2 Rad8 24. Qxc6 Nxc6 25. Nxe5 Nxe5 26. Bxe5 fxg2 27. Kxg2 Re7
28. Bc3 Rc7 29. Rac1 Rdc8 30. Bb2 Kf8 31. Rxc7 Rxc7 32. Rc1 Rd7 33. Rc6 Ke7 34.
Rxa6 Rd2 35. Ra7+ Kd6 36. Bxf6 Bxf6 37. Rxf7 Bb2 38. Rf3 Be5 39. Bb1 g5 40. Bg6
Rb2 41. Bf7 Bd4 42. Bc4 Rc2 43. Bf1 Rb2 44. Bc4 Rc2 45. Bb3 Rb2 46. a4 Bxf2 47.
Rxf2 Rxb3 48. b5 Ra3 49. Rf6+ Ke5 50. Ra6 Kf4 51. a5 Ra2+ 52. Kf1 h5 53. b6 Kf3
54. Ke1 Ke3 55. Kd1 Kd3 56. Kc1 Kc3 57. Kb1 Rb2+ 58. Ka1 Rb5 1/2-1/2

[Event "Festival INGEM - PLZEŇ 2013"]
[Site "Plzeň (Česká republika)"]
[Date "2013.08.21"]
[Round "6.3"]
[White "Plischki, Sebastian"]
[Black "Jurek, Josef"]
[Result "1-0"]
[WhiteElo "2421"]
[BlackElo "2276"]
[PlyCount "82"]
[EventDate "2013.08.17"]
[Source "ChessBase"]
[SourceDate "1996.11.15"]

1. d4 Nf6 2. c4 e6 3. Nf3 b6 4. a3 Ba6 5. Qb3 d5 6. cxd5 exd5 7. Bg5 Be7 8. Nc3
c6 9. Bxf6 Bxf6 10. e4 Bxf1 11. Rxf1 dxe4 12. Nxe4 O-O 13. O-O-O Nd7 14. Rfe1
Qc7 15. Kb1 Rfe8 16. Re3 Re7 17. Qc2 Rae8 18. d5 Qf4 19. dxc6 Nc5 20. Nxc5 bxc5
21. Qxc5 Rxe3 22. fxe3 Qe4+ 23. Qc2 Qxc2+ 24. Kxc2 Rc8 25. Rc1 Rxc6+ 26. Kb1
Rxc1+ 27. Kxc1 Kf8 28. Kc2 Ke7 29. b4 Kd6 30. Kd3 a6 31. Kc4 Bb2 32. a4 f5 33.
b5 axb5+ 34. Kxb5 Kd5 35. Nd2 Bc3 36. Nc4 h5 37. a5 Bxa5 38. Nxa5 h4 39. Nc4 g5
40. Nd2 f4 41. exf4 gxf4 1-0

[Event "Festival INGEM - PLZEŇ 2013"]
[Site "Plzeň (Česká republika)"]
[Date "2013.08.21"]
[Round "6.4"]
[White "Docekal, Jan"]
[Black "Pokrupa, Marek"]
[Result "1/2-1/2"]
[WhiteElo "2306"]
[BlackElo "2192"]
[PlyCount "95"]
[EventDate "2013.08.17"]
[Source "ChessBase"]
[SourceDate "1996.11.15"]

1. e4 e6 2. Nf3 d5 3. e5 c5 4. b4 cxb4 5. a3 d4 6. axb4 Bxb4 7. Bd3 Nc6 8. O-O
Nge7 9. c3 Bc5 10. Ba3 Bxa3 11. Nxa3 Ng6 12. Nc4 O-O 13. Qb1 Rb8 14. Be4 Qd7
15. h4 Qc7 16. Rc1 b5 17. Nd6 Ncxe5 18. Nxe5 Nxe5 19. cxd4 Qxd6 20. dxe5 Qxe5
21. Rxa7 f5 22. Bf3 Rf7 23. Ra5 Bd7 24. Qb4 Be8 25. d4 Qf4 26. Re1 Rd7 27. Qb3
Qxd4 28. Qxe6+ Bf7 29. Qxf5 Qb4 30. Rea1 Re7 31. Ra7 Qxh4 32. Ra8 Ree8 33. Bd5
Qf6 34. Bxf7+ Qxf7 35. Qxf7+ Kxf7 36. R8a3 Re6 37. Rf3+ Rf6 38. Ra7+ Kg8 39.
Rb3 Rf7 40. Ra5 b4 41. Re5 Rf4 42. Re7 h5 43. f3 Kh7 44. Kf2 Rb5 45. g3 Rd4 46.
Ke3 Rd1 47. Re4 Re1+ 48. Kf2 1/2-1/2

[Event "Festival INGEM - PLZEŇ 2013"]
[Site "Plzeň (Česká republika)"]
[Date "2013.08.21"]
[Round "6.5"]
[White "Bartos, Jan"]
[Black "Simunek, Filip"]
[Result "1/2-1/2"]
[WhiteElo "2265"]
[BlackElo "2129"]
[PlyCount "53"]
[EventDate "2013.08.17"]
[Source "ChessBase"]
[SourceDate "1996.11.15"]

1. d4 Nf6 2. c4 g6 3. Nc3 d5 4. Nf3 Bg7 5. e3 O-O 6. Be2 c6 7. O-O Nbd7 8. cxd5
Nxd5 9. e4 Nxc3 10. bxc3 c5 11. Bg5 cxd4 12. cxd4 Nf6 13. Qd3 b6 14. Rac1 Bb7
15. d5 h6 16. Bh4 Nh5 17. Qe3 g5 18. Bg3 Nxg3 19. hxg3 Rc8 20. Nd4 e6 21. Rxc8
Bxc8 22. Bc4 exd5 23. Bxd5 Bb7 24. Nf5 Bxd5 25. Rd1 Qf6 26. Rxd5 Re8 27. Nxg7
1/2-1/2

[Event "Festival INGEM - PLZEŇ 2013"]
[Site "Plzeň (Česká republika)"]
[Date "2013.08.21"]
[Round "6.6"]
[White "Fiala, Jaroslav"]
[Black "Klement, Lukas"]
[Result "1/2-1/2"]
[WhiteElo "2193"]
[BlackElo "2241"]
[PlyCount "98"]
[EventDate "2013.08.17"]
[Source "ChessBase"]
[SourceDate "1996.11.15"]

1. Nf3 Nf6 2. g3 g6 3. Bg2 Bg7 4. O-O O-O 5. d4 d6 6. a4 a5 7. Nc3 Nc6 8. h3 e5
9. dxe5 dxe5 10. e4 Be6 11. Be3 Qe7 12. Qc1 Rfd8 13. Re1 Ne8 14. Ng5 Nd4 15.
Nxe6 Qxe6 16. Nd5 c6 17. Bxd4 exd4 18. Nf4 Qe7 19. Bf1 Nc7 20. Qd2 Ne6 21. Nxe6
Qxe6 22. Qd3 Qd6 23. f4 Qb4 24. b3 Re8 25. Rad1 Rad8 26. e5 f6 27. Qc4+ Qxc4
28. Bxc4+ Kf8 29. e6 f5 30. Re2 Ke7 31. g4 Rf8 32. Rf1 h5 33. gxh5 gxh5 34. Rg2
Bf6 35. Kf2 Rb8 36. Kf3 b5 37. Bd3 Kxe6 38. Re1+ Kd6 39. Bxf5 Rbe8 40. Rxe8
Rxe8 41. Re2 Rf8 42. Bg6 h4 43. Re8 Rxe8 44. Bxe8 bxa4 45. bxa4 Kd5 46. Ke2 c5
47. Bf7+ Ke4 48. Bg6+ Kxf4 49. Kd3 Ke5 1/2-1/2